000 00324nam a22001457a 4500
008 221115b ||||| |||| 00| 0 eng d
020 _a9780684803821
041 _aeng
080 _a616.8
082 _a616.8 LED
100 _a11.2
101 _aTRURI
245 _aTHE EMOTIONAL BRAIN
_cLEDOUX JOSEPH
942 _2udc
_cBK
999 _c58905
_d58905